Poliitiline testament

Titel: Poliitiline testament / Lennart Meri
Verfasser:
Veröffentlicht: Tallinn : Ilmamaa, 2007
Umfang: 270 S.
Format: Buch
Sprache: Estnisch
Schriftenreihe/
mehrbändiges Werk:
Eesti mõttelugu ; 75
Schlagworte:
ISBN: 9789985772072
Buchumschlag
X
Lokale Klassifikation: 2 M 1625 ; 47 7 V
alg: 19101352
001A    $03004:16-10-07 
001B    $01999:21-04-21 $t19:30:38.000 
001C    $03004:15-05-09 $t14:23:49.000 
001D    $03004:11-12-07 
001U    $0utf8 
001X    $00 
002@    $0Aau 
003@    $0191013528 
003O    $0220220124 $aOCoLC 
004A    $A978-9985-7720-7-2 
007A    $0191013528 $aHEB 
007G    $0DE020B500D6B100811996C1257C07004B31A8 
007T    $0Herdhh191013528 
009P    $qapplication/pdf $A2 $3Inhaltsverzeichnis $uhttp://scans.hebis.de/HEBCGI/show.pl?19101352_toc.pdf $mV:DE-603;B:DE-Mb50 
010@    $aest 
011@    $a2007 
021A    $aPoliitiline testament $hLennart Meri 
028A    $#Meri, Lennart Georg $#Meri, Lennart-Georg $711930063X $8Meri, Lennart$Z1929-2006 [Tp1] $9087640473 
033A    $pTallinn $nIlmamaa 
034D    $a270 S. 
036E    $aEesti mõttelugu $l75 
036F    $x275 $8Eesti mõttelugu $9186460597 $l75 
044K    $#Meri, Lennart Georg $#Meri, Lennart-Georg $711930063X $8Meri, Lennart$Z1929-2006 [Tp1] $9087640473 
045F    $a909 $eDDC23BSB 
045F/01 $a909 
045F/03 $g4798 

lok: 19101352 24
101B    $011-12-07 $t08:47:44.000 
101C    $011-12-07 
101U    $0utf8 
145Z/01 $a2 M 1625 
145Z/02 $a47 7 V 

exp: 19101352 24 1 #EPN
201B/01 $009-02-12 $t09:07:22.000 
201C/01 $016-10-07 
201U/01 $0utf8 
203@/01 $050942399X 
208@/01 $a11-12-07 $bz 
209A/01 $a07.6266 a $du $f050 $h07 6266 / + 1 $x00 
209C/01 $a07.6266 K $h07 6266 K 
209G/01 $a72018320 $x00 
220C/01 $amar 
244Z/01 $#Meri, Lennart Georg $#Meri, Lennart-Georg $711930063X $8--Tp1--Meri, Lennart$Z1929-2006 $x01 $9087640473 
247C/01 $8358050-7 Marburg, Bibliothek des Herder-Instituts Marburg $9102600961 

exp: 19101352 24 2 #EPN
201B/02 $009-02-12 $t09:24:41.000 
201C/02 $015-05-09 
201U/02 $0utf8 
203@/02 $0574788190 
208@/02 $a15-05-09 $bz 
209A/02 $a07.6266 b $du $f050 $h07 6266 / + 2 $x00 
209C/02 $a09.2868 K $h09 2868 K 
209G/02 $a72424387 $x00 
220C/02 $amar 
244Z/02 $#Meri, Lennart Georg $#Meri, Lennart-Georg $711930063X $8--Tp1--Meri, Lennart$Z1929-2006 $x01 $9087640473 
247C/02 $8358050-7 Marburg, Bibliothek des Herder-Instituts Marburg $9102600961 

lok: 19101352 78

exp: 19101352 78 1 #EPN
201B/01 $019-04-17 $t21:02:19.000 
201U/01 $0utf8 
203@/01 $0793353173 
208@/01 $a12-11-16 $be 
209A/01 $a/ $f000 $x00 
237A/01 $aweiterführende Signatur(en): Herder-Institut: 07.6266 a 
244Z/01 $2Trx $#Estija $#Igaunija $#Estland $#Estonia $#Estonia $#Estónsko $#Estonsko $8--Trx--Eesti $x01 $9391237225 
244Z/01 $2Trx $8--Trx--Monographie $x02 $9391384546 
245Z/01 $a07.04 $x01 
247C/01 $82080>Marburg/Lahn, Herder-Institut, Forschungsbibliothek, Bibliographieportal $9336309341
LEADER 00000cam a2200000 c 4500
001 191013528
003 DE-603
005 20210421193038.0
007 tu
008 071016s2007 xx |||| | u00||u|est c
020 |a 9789985772072 
035 |a (DE-599)HEB191013528 
035 |a (OCoLC)220220124 
040 |a DE-603  |b ger  |c DE-603  |d DE-603 
041 |a est 
082 0 4 |8 1\u  |a 909  |q DE-101  |2 23/BSB 
085 |8 1\u  |b 909 
085 |8 1\u  |z 2  |s 4798 
100 1 |a Meri, Lennart  |d 1929-2006  |0 (DE-603)087640473  |0 (DE-588)11930063X  |2 gnd 
245 0 0 |a Poliitiline testament  |c Lennart Meri 
264 1 |a Tallinn  |b Ilmamaa  |c 2007 
300 |a 270 S. 
490 1 |a Eesti mõttelugu  |v 75 
600 1 7 |a Meri, Lennart  |d 1929-2006  |0 (DE-588)11930063X  |0 (DE-603)087640473  |2 gnd 
830 0 |t Eesti mõttelugu  |v 75  |w (DE-603)186460597  |w (DE-600)2205557-5  |9 275  |7 as 
856 4 2 |m V:DE-603;B:DE-Mb50  |q application/pdf  |u http://scans.hebis.de/HEBCGI/show.pl?19101352_toc.pdf  |3 Inhaltsverzeichnis 
924 0 |9 Mb 50  |a (DE-603)50942399X  |b DE-Mb50  |c HES  |d c  |g 07.6266 a 
924 0 |9 Mb 50  |a (DE-603)574788190  |b DE-Mb50  |c HES  |d c  |g 07.6266 b 
924 0 |9 2080  |a (DE-603)793353173  |b DE-2080  |c HES  |d d  |g /